Cizí slova : výběrový slovník /

Hlavní autor: Kučera, Karel, 1947-2022
Jazyk: Čeština
Vydáno: Praha : Mladá fronta, 1978
Vydání: 1.vyd.
Edice: Malé encyklopedie (Mladá fronta)
Externí odkaz: Digitalizovaný dokument
Fyzický popis: 266 s. ; 20 cm
Knihy
Uloženo v:
LEADER 01856nam a22004092a 4500
001 000696049
003 CZ BrMZK
005 20131004085959.0
007 ta
008 010907s1978 xr f 000 0 cze d
015 |a cnb000136864 
035 |a (OCoLC)5090604 
035 |a (OCoLC)5090604 
040 |a ABA001  |b cze  |d BOA001  |d ABA001 
080 |a 801.316.1(033)  |2 MRF 
080 |a 801.316.3  |2 MRF 
100 1 |a Kučera, Karel,  |d 1947-2022  |7 jk01070564  |4 aut 
245 1 0 |a Cizí slova :  |b výběrový slovník /  |c Karel Kučera 
250 |a 1.vyd. 
260 |a Praha :  |b Mladá fronta,  |c 1978 
300 |a 266 s. ;  |c 20 cm 
490 1 |a Malé encyklopedie ;  |v sv. 6 
500 |a 30000 výt. 
830 0 |a Malé encyklopedie (Mladá fronta)  |0 s 
856 4 1 |u http://www.digitalniknihovna.cz/mzk/uuid/uuid:60089070-2cdf-11e3-8d9d-005056827e51  |y Digitalizovaný dokument  |x NDK 
910 |a BOA001  |b 2-0796.916  |b PK-A-0017.058  |b TK-0195.797 
920 |a 000268928 
920 |a 000361646 
990 |a BK 
996 7 |b 2619355881  |c 2-0796.916  |l MZK  |r Sklad / do 1 hodiny  |n 0  |w 000696049  |u 000030  |a 1  |e BOA001  |j MZK50  |s A 
996 6 |b 2619355883  |c 2-0796.916  |l MZK  |r Sklad / do 1 hodiny  |n 0  |w 000696049  |u 000010  |a 1  |e BOA001  |j MZK50  |s P 
996 7 |b 2629964113  |c TK-0195.797  |l MZK  |r Sklad / do 24 hodin  |n 0  |w 000696049  |u 000080  |a 1  |e BOA001  |j MZK50  |s A 
996 7 |b 3119808991  |c PK-A-0017.058  |l MZK  |r Sklad / do 1 hodiny  |n 4  |w 000696049  |u 000070  |a 1  |e BOA001  |j MZK50  |s A 
996 7 |b 3119808992  |c PK-A-0017.058  |l MZK  |r Sklad / do 1 hodiny  |n 2  |w 000696049  |u 000060  |a 1  |e BOA001  |j MZK50  |s A 
996 6 |b BC-18476  |c TK-0195.797  |l MZK  |r Sklad / do 24 hodin  |n 0  |w 000696049  |u 000100  |a 1  |e BOA001  |j MZK50  |s P 
996 6 |b BC-18478  |c TK-0195.797  |l MZK  |r Sklad / do 24 hodin  |n 0  |w 000696049  |u 000120  |a 1  |e BOA001  |j MZK50  |s P 
996 6 |b BC-18480  |c TK-0195.797  |l MZK  |r Sklad / do 24 hodin  |n 0  |w 000696049  |u 000130  |a 1  |e BOA001  |j MZK50  |s P